00398nam a2200169Ia 4500003000400000005001700004008004100021020001400062040000700076041000800083082001700091100001500108245003800123260004300161300001600204365000800220OSt20230403104537.0210423s1973 xx 000 0 und d a716604736 cAL aeng a920.073 JAMT aJAMES (T). aDictionary of American biography. aNew YorkbCharles scribners sonsc1973 avii,628bHB cINR